00000000nam##2200000za#4500
0019.588596
003CaOODSP
00520250403104936
007cr |||||||||||
008150406|1989||||xxc|||||o    f|0| 0 fre|d
040 |aCaOODSP|bfre
041 |aeng
041 |afre
043 |an-cn---
0861 |aCS93-109/1989-PDF
24500|aOrigine ethnique, immigration et citoyenneté |h[ressource électronique]
260 |aOttawa - Ontario : |bStatistique Canada |c1989.
4901 |aCaractéristiques de la population et des logements |v109
500 |aPublication du recensement historique numérisé par Statistique Canada.
590 |a13-07-Supp|b2013-03-25
69107|aCitoyenneté|2gcpds
69107|aGroupe ethnique|2gcpds
69107|aImmigration|2gcpds
7102 |aStatistique Canada.
791 |tEthnicity, immigration and citizenship |eeng|w(CaOODSP)9.588595
830#0|aCaractéristiques de la population et des logements ;|v109|w(CaOODSP)9.500692
85640|ahttp://publications.gc.ca|qPDF|s20.5 Mo|uhttps://publications.gc.ca/collections/collection_2013/statcan/rh-hc/CS93-109-1989.pdf|y109